| 000 | 00995cam a22003014a 4500 | ||
|---|---|---|---|
| 999 |
_c18772 _d18744 |
||
| 001 | 12388209 | ||
| 005 | 20201128021146.0 | ||
| 008 | 010423t2001 xxua frb 001 0 eng d | ||
| 010 | _a2001024818 | ||
| 020 | _a0066620996 (hc) | ||
| 020 | _a9780066620992 | ||
| 040 |
_aDLC _cDLC _dDLC _dEG-ScBUE |
||
| 082 | 0 | 0 |
_a658 _222 _bCOL |
| 100 | 1 |
_aCollins, James C. _q(James Charles), _d1958- _942044 |
|
| 245 | 1 | 0 |
_aGood to great : _bwhy some companies make the leap--and others don't / _cJim Collins. |
| 250 | _a1st ed. | ||
| 260 |
_aNew York, United States : _bHarperBusiness, _cc.2001. |
||
| 300 |
_axii, 300 p. : _bill. ; _c24 cm. |
||
| 500 | _aIndex : p. 287-300. | ||
| 504 | _aBibliography : p. [261]-286. | ||
| 650 | 0 |
_aLeadership _91000 _2BUEsh |
|
| 650 | 0 |
_aStrategic planning _91643 _2BUEsh |
|
| 650 | 0 |
_aOrganizational change _9885 _2BUEsh |
|
| 650 | 0 |
_aTechnological innovations _xManagement _933837 _2BUEsh |
|
| 651 | _2BUEsh | ||
| 653 |
_bBUSADM _cDecember2014 |
||
| 942 |
_2ddc _k658 COL |
||